| 000 | 01196nam a2200313 i 4500 | ||
|---|---|---|---|
| 003 | DO-SdBNP | ||
| 005 | 20250516102302.0 | ||
| 007 | ta | ||
| 008 | 250516b2024 dr ||||| |||| 00| 0 spa d | ||
| 020 | _a9789945510843 | ||
| 040 |
_aDO-SdBNP _bspa _cBNPHU _erda |
||
| 041 | _aspa | ||
| 082 | 4 |
_222 _axxx _bxxx |
|
| 100 | 1 |
_aFiallo, Fabio, _d1866-1942 _eautor _4aut. _934816 |
|
| 245 | 0 | 0 |
_aRelatos Dominicanos a la vuelta del Siglo XX / _cFabio Fiallo, Virginia Elena Ortea, Manuel Florentino Cestero, Evangelina Rodríguez ; selección e introducción, Miguel D. Mena |
| 264 | 4 |
_aSanto Domingo : _bEditora Nacional, _c©2024. |
|
| 300 |
_a120 páginas ; _c23 cm. |
||
| 336 |
_atexto _btxt _2rdacontent |
||
| 337 |
_asin mediación _bn _2rdamedia |
||
| 338 |
_avolumen _bnc _2rdacarrier |
||
| 500 | _aIncluye referencias bibliográficas y notas al pie de las páginas | ||
| 590 | _aInventariado, 2025/BT | ||
| 700 | 1 |
_aOrtea, Virginia Elena, _eautor _4aut. _987792 |
|
| 700 | 1 |
_aFlorentino Cestero, Manuel, _eautor _4aut. _987793 |
|
| 700 | 1 |
_aRodríguez, Evangelina, _eautor _4aut. _987794 |
|
| 700 | 1 |
_ad. Mena, Miguel, _eselección e introducción _987795 |
|
| 910 | _aBtavárez | ||
| 942 |
_2ddc _cLBS1 |
||
| 999 |
_c58284 _d58284 |
||